000
00223 a2200097 4500
001
27692
100
_a
Hutchin, K
245
_a
Heart disease and high blood pressure
260
_a
_b
ARCO Publisher
_c
090
_c
18465
_d
18465
942
_a
NUST-CAE
_c
M
_c
9408
999
_c
262765
_d
262765